000 00327nam a22001337a 4500
003 SGT
082 _a615.532
_bD15C
100 _aCLARKE, A. GLADOTONE
245 _aDECACHORDS TOP TEN INDICATIONS OF 120 HOMOEOPATHIC REMEDIES
260 _aINDIA
_bB.JAIN PUB
_c2015
300 _a146
650 _aHOMOEOPATHIC
942 _2ddc
_cBK
999 _c20475
_d20475